[Event "2BLN 1920 Hamburger SK II - SV Glückau"]
[Site "?"]
[Date "2019.12.08"]
[Round "6.5"]
[White "Dudzinski, Piotr"]
[Black "Kramer, Julian"]
[Result "1/2-1/2"]
[WhiteElo "2332"]
[BlackElo "2395"]
[PlyCount "114"]
[EventDate "2019.??.??"]

1. e4 e5 2. Nf3 Nc6 3. Bc4 Bc5 4. c3 Nf6 5. d3 d6 6. O-O a6 7. Bb3 Ba7 8. Nbd2
O-O 9. h3 h6 10. Re1 Re8 11. Nf1 Be6 12. Be3 Bxe3 13. Nxe3 d5 14. exd5 Nxd5 15.
Nxd5 Bxd5 16. d4 e4 17. Nd2 f5 18. Qh5 Bxb3 19. axb3 Qd7 20. b4 Kh7 21. Nb3 b6
22. Qe2 Qd5 23. Nd2 a5 24. bxa5 Rxa5 25. Rxa5 Nxa5 26. b4 Nb7 27. Nc4 Qc6 28.
Rc1 Qb5 29. Kf1 Ra8 30. Ne3 Qxe2+ 31. Kxe2 Nd6 32. Nd5 Ra2+ 33. Kf1 Nc4 34. b5
g5 35. Kg1 Kg7 36. Nxc7 e3 37. fxe3 Nxe3 38. c4 Rxg2+ 39. Kh1 f4 40. Nd5 Rd2
41. Nxe3 fxe3 42. Re1 Rxd4 43. Rxe3 Kf6 44. Re8 Rxc4 45. Rb8 Kf5 46. Rxb6 h5
47. Kg2 Rc2+ 48. Kf3 Rc3+ 49. Kg2 Rc2+ 50. Kf3 Rh2 51. Kg3 Rb2 52. Rb8 h4+ 53.
Kf3 Rh2 54. Rf8+ Kg6 55. Rg8+ Kf5 56. Rf8+ Kg6 57. Rg8+ Kf5 1/2-1/2

[Event "2BLN 1920 Hamburger SK II - SV Glückau"]
[Site "?"]
[Date "2019.12.08"]
[Round "6.6"]
[White "Van Delft, Merijn"]
[Black "Janaszak, Dawid"]
[Result "1/2-1/2"]
[WhiteElo "2369"]
[BlackElo "2354"]
[PlyCount "83"]
[EventDate "2019.??.??"]

1. e4 c5 2. Nf3 Nc6 3. d4 cxd4 4. Nxd4 Nf6 5. Nc3 e5 6. Ndb5 d6 7. Bg5 a6 8.
Na3 b5 9. Nd5 Be7 10. Bxf6 Bxf6 11. c4 bxc4 12. Nxc4 O-O 13. Nxf6+ Qxf6 14.
Qxd6 Qxd6 15. Nxd6 Nb4 16. O-O-O Be6 17. Bc4 Bxc4 18. Nxc4 Rac8 19. b3 Nxa2+
20. Kb2 Nb4 21. Rd2 f6 22. Ra1 Rb8 23. Rd7 Rb5 24. Ra5 Rfb8 25. Rxb5 axb5 26.
Ne3 Ra8 27. Nf5 g6 28. Nh6+ Kh8 29. h4 Nc6 30. g4 Nd4 31. Rf7 g5 32. h5 Rc8 33.
Nf5 Ne6 34. Ka3 Nc5 35. f3 Nd3 36. b4 Rc3+ 37. Ka2 Nxb4+ 38. Kb2 Rc8 39. Rxf6
Nd3+ 40. Kb3 b4 41. h6 Rb8 42. Rc6 1/2-1/2

[Event "2BLN 1920 Hamburger SK II - SV Glückau"]
[Site "?"]
[Date "2019.12.08"]
[Round "6.7"]
[White "Sroczynski, Maciej"]
[Black "Fuchs, Judith"]
[Result "1/2-1/2"]
[WhiteElo "2279"]
[BlackElo "2238"]
[PlyCount "109"]
[EventDate "2019.??.??"]

1. d4 Nf6 2. c4 e6 3. Nf3 Bb4+ 4. Bd2 Qe7 5. g3 Bxd2+ 6. Qxd2 Nc6 7. Nc3 d5 8.
Ne5 dxc4 9. Nxc6 bxc6 10. Bg2 O-O 11. Bxc6 Rb8 12. O-O Rd8 13. Rfd1 e5 14. d5
e4 15. Qd4 Rxb2 16. Qxa7 Qe5 17. Qd4 Qf5 18. Rab1 Rxb1 19. Rxb1 Qh3 20. f3 exf3
21. exf3 Bf5 22. Re1 Bd3 23. a4 Qc8 24. a5 Qa6 25. Qc5 h5 26. Ra1 h4 27. Kg2
Bf5 28. Ra2 h3+ 29. Kf2 Nd7 30. Qd4 Nb8 31. Bb5 Qa8 32. Bxc4 Nc6 33. Qc5 Ne5
34. Be2 Nd7 35. Qd4 Nf6 36. Bc4 c6 37. d6 Ne8 38. g4 Rxd6 39. Qc5 Bg6 40. a6
Rd8 41. a7 Nc7 42. Rb2 Re8 43. Kg3 Kh7 44. Kxh3 f5 45. gxf5 Qc8 46. Bd3 Rf8 47.
Kg4 Nd5 48. Qxf8 Qxf8 49. fxg6+ Kh6 50. Nxd5 Qd8 51. Ne7 Qd4+ 52. Be4 Qg1+ 53.
Kh3 Qxa7 54. Nxc6 Qc5 55. Rc2 1/2-1/2

[Event "2BLN 1920 Hamburger SK II - SV Glückau"]
[Site "?"]
[Date "2019.12.08"]
[Round "6.8"]
[White "Doberitz, Paul"]
[Black "Szyszylo, Rafal"]
[Result "0-1"]
[WhiteElo "2170"]
[BlackElo "2223"]
[PlyCount "56"]
[EventDate "2019.??.??"]

1. e4 g6 2. d4 Bg7 3. Nf3 d6 4. Bc4 Nf6 5. Qe2 O-O 6. Bb3 a5 7. a3 Na6 8. O-O
e5 9. dxe5 dxe5 10. Nc3 Qe7 11. Bg5 c6 12. Na4 Bg4 13. h3 Be6 14. Bxe6 Qxe6 15.
Nb6 Ra7 16. Qe3 c5 17. Bxf6 Qxb6 18. Bxg7 Kxg7 19. Nxe5 Qxb2 20. Nd7 Rd8 21.
Rfd1 Rxd7 22. Rxd7 Qxa1+ 23. Kh2 Nb8 24. Rd8 Nc6 25. Re8 b6 26. e5 Re7 27. Rxe7
Nxe7 28. Qg5 Ng8 0-1

[Event "2BLN 1920 FC St. Pauli - SF Berlin II"]
[Site "?"]
[Date "2019.12.08"]
[Round "6.1"]
[White "Ahmadinia, Ebrahim"]
[Black "Socko, Bartosz"]
[Result "1/2-1/2"]
[WhiteElo "2456"]
[BlackElo "2618"]
[PlyCount "125"]
[EventDate "2019.??.??"]

1. e4 e5 2. Nf3 Nc6 3. Nc3 Nf6 4. d4 exd4 5. Nxd4 Bb4 6. Nxc6 bxc6 7. Bd3 d5 8.
exd5 Qe7+ 9. Qe2 cxd5 10. Bb5+ Bd7 11. Bxd7+ Nxd7 12. Qxe7+ Kxe7 13. Bd2 Nb6
14. O-O-O Rhd8 15. Rhe1+ Kf8 16. Nb5 Bxd2+ 17. Rxd2 a6 18. Nd4 c5 19. Nc6 Re8
20. Rde2 Rxe2 21. Rxe2 Rc8 22. Na5 Rc7 23. Kd2 g6 24. g3 h5 25. a3 Rd7 26. Kd3
Rc7 27. c4 dxc4+ 28. Nxc4 Rd7+ 29. Kc3 Nd5+ 30. Kb3 Rb7+ 31. Ka4 Nc7 32. Ne5
Rb5 33. Rd2 Ne6 34. Nc4 Nd4 35. b4 Ke7 36. h4 Ke6 37. Ne3 Ke5 38. Nc2 Ke4 39.
Ne3 Rb8 40. Nc4 Kd5 41. Na5 Re8 42. Nb3 Kc4 43. Nxc5 a5 44. Nb3 Nxb3 45. Rc2+
Kd3 46. Kxb3 a4+ 47. Kb2 Re1 48. Rc3+ Kd4 49. Re3 Rf1 50. Rf3 f5 51. Kc2 Ra1
52. Kd2 Ra2+ 53. Ke1 Kc4 54. Kf1 Rb2 55. Kg2 Ra2 56. Re3 Ra1 57. Kh2 Rf1 58.
Rf3 Ra1 59. Kh3 Rh1+ 60. Kg2 Rb1 61. Re3 Ra1 62. Kf3 Ra2 63. Kg2 1/2-1/2

[Event "2BLN 1920 FC St. Pauli - SF Berlin II"]
[Site "?"]
[Date "2019.12.08"]
[Round "6.2"]
[White "Krause, Benedict"]
[Black "Schmidek, Emil"]
[Result "1-0"]
[WhiteElo "2423"]
[BlackElo "2409"]
[PlyCount "61"]
[EventDate "2019.??.??"]

1. e4 e5 2. Nf3 Nc6 3. Bc4 Nf6 4. d3 Bc5 5. O-O d6 6. c3 a6 7. Bb3 Ba7 8. Nbd2
O-O 9. h3 h6 10. Re1 Nh5 11. Nf1 Qf6 12. Be3 Bxe3 13. fxe3 Qg6 14. Kh2 Be6 15.
g4 Nf6 16. Ng3 d5 17. exd5 Nxd5 18. Bc2 Qf6 19. Qe2 g6 20. Rg1 Kh8 21. Raf1 Qe7
22. Qd2 Nf6 23. e4 Ng8 24. Nf5 gxf5 25. gxf5 Bxf5 26. exf5 Qf6 27. Ng5 hxg5 28.
Rxg5 Nce7 29. Rh5+ Kg7 30. Qg2+ Ng6 31. fxg6 1-0

[Event "2BLN 1920 FC St. Pauli - SF Berlin II"]
[Site "?"]
[Date "2019.12.08"]
[Round "6.3"]
[White "Agopov, Mikael"]
[Black "Feuerstack, Aljoscha"]
[Result "1-0"]
[WhiteElo "2430"]
[BlackElo "2446"]
[PlyCount "77"]
[EventDate "2019.??.??"]

1. e4 c6 2. d4 d5 3. e5 c5 4. dxc5 e6 5. a3 Bxc5 6. b4 Be7 7. Nf3 a5 8. b5 Nd7
9. Bd3 f6 10. Bb2 Nh6 11. Nbd2 Nf7 12. exf6 Bxf6 13. Bxf6 Qxf6 14. c4 Nc5 15.
Bc2 O-O 16. O-O a4 17. Qb1 h6 18. Qb4 b6 19. cxd5 exd5 20. Nd4 Ne5 21. N4f3 Bd7
22. Rab1 Rac8 23. Nxe5 Qxe5 24. Rfe1 Qg5 25. h4 Qf6 26. Nf3 Ne6 27. Qb2 Rc3 28.
Bf5 Nf4 29. Bxd7 Qg6 30. Be6+ Kh8 31. Ng5 Rb3 32. Bf7 Qd3 33. Qa2 hxg5 34. Rbd1
Qf5 35. Be8 Qg4 36. f3 Rxf3 37. Bd7 Qg3 38. Rf1 Rxa3 39. Qd2 1-0

[Event "2BLN 1920 FC St. Pauli - SF Berlin II"]
[Site "?"]
[Date "2019.12.08"]
[Round "6.4"]
[White "Sawatzki, Frank"]
[Black "Polzin, Rainer"]
[Result "1/2-1/2"]
[WhiteElo "2396"]
[BlackElo "2407"]
[PlyCount "20"]
[EventDate "2019.??.??"]

1. e4 c5 2. Nf3 d6 3. Bb5+ Bd7 4. Bxd7+ Qxd7 5. c4 g6 6. Nc3 Bg7 7. d4 cxd4 8.
Nxd4 Nf6 9. f3 O-O 10. Be3 Nc6 1/2-1/2

[Event "2BLN 1920 FC St. Pauli - SF Berlin II"]
[Site "?"]
[Date "2019.12.08"]
[Round "6.5"]
[White "Suran, Jan"]
[Black "Ertan, Can"]
[Result "1/2-1/2"]
[WhiteElo "2383"]
[BlackElo "2373"]
[PlyCount "85"]
[EventDate "2019.??.??"]

1. e4 e5 2. Nf3 Nc6 3. Bb5 a6 4. Ba4 Nf6 5. O-O Nxe4 6. d4 b5 7. Bb3 d5 8. dxe5
Be6 9. Qe2 Be7 10. Rd1 Na5 11. Nd4 O-O 12. Nd2 Nc5 13. c3 Ncxb3 14. N2xb3 Nxb3
15. axb3 Qd7 16. b4 c5 17. bxc5 Bxc5 18. Be3 Qc7 19. f4 Rfb8 20. b4 Bb6 21.
Rac1 Qd7 22. h3 a5 23. bxa5 Rxa5 24. Kh2 Rc8 25. Qb2 Qa7 26. Ra1 Qb8 27. Rxa5
Bxa5 28. Qxb5 Bxc3 29. Qxb8 Rxb8 30. Nc6 Rb5 31. Bd4 Bxd4 32. Nxd4 Rc5 33. f5
Bc8 34. Kg3 h6 35. Kf4 Rc4 36. h4 Kf8 37. g4 f6 38. h5 Ke7 39. e6 Ba6 40. Ke3
Rc3+ 41. Kf4 Rc4 42. Ke3 Rc3+ 43. Kf4 1/2-1/2

[Event "2BLN 1920 FC St. Pauli - SF Berlin II"]
[Site "?"]
[Date "2019.12.08"]
[Round "6.6"]
[White "Voigt, Martin"]
[Black "Ahlander, Bjorn"]
[Result "0-1"]
[WhiteElo "2304"]
[BlackElo "2412"]
[PlyCount "105"]
[EventDate "2019.??.??"]

1. e4 c5 2. Nf3 e6 3. Nc3 Nc6 4. d4 cxd4 5. Nxd4 Qc7 6. g3 a6 7. Bg2 Nf6 8. O-O
Nxd4 9. Qxd4 Bc5 10. Bf4 d6 11. Qd2 h6 12. Rad1 e5 13. Be3 Bb4 14. Nb5 axb5 15.
Qxb4 Rxa2 16. Rxd6 O-O 17. Rd2 Be6 18. Rfd1 Qc4 19. Qxc4 bxc4 20. Bc5 Rc8 21.
Bd6 Rxb2 22. Bxe5 c3 23. Rd8+ Rxd8 24. Rxd8+ Kh7 25. h3 Rxc2 26. Rd3 Rc1+ 27.
Kh2 c2 28. Rc3 b5 29. Bf4 b4 30. Rc6 Re1 31. Rxc2 b3 32. Rd2 Nxe4 33. Bxe4+
Rxe4 34. Bd6 h5 35. f3 Ra4 36. g4 f6 37. Bc5 Ra2 38. Rxa2 bxa2 39. Bd4 h4 40.
Kg2 f5 41. Kf2 f4 42. Ke2 Bc4+ 43. Ke1 Kg6 44. Be5 Kf7 45. Bc3 g5 46. Bh8 Ke6
47. Bg7 Bd5 48. Ke2 Kd7 49. Bf6 Kc6 50. Kd2 Bxf3 51. Kc1 Bxg4 52. Kb2 f3 53.
hxg4 0-1

[Event "2BLN 1920 FC St. Pauli - SF Berlin II"]
[Site "?"]
[Date "2019.12.08"]
[Round "6.7"]
[White "Florstedt, Johannes"]
[Black "Mueller, Fabian"]
[Result "1-0"]
[WhiteElo "2364"]
[BlackElo "2336"]
[PlyCount "81"]
[EventDate "2019.??.??"]

1. e4 g6 2. d4 Bg7 3. Nf3 d6 4. Be3 Nd7 5. Qd2 c6 6. Nc3 Qc7 7. h4 h5 8. Ng5
Nh6 9. f3 b5 10. a4 b4 11. Ne2 a5 12. Nf4 Nf8 13. Bc4 e5 14. dxe5 dxe5 15. Nd3
f6 16. Nh3 Be6 17. Bb3 Rd8 18. Qe2 Bxb3 19. cxb3 Ne6 20. Nc5 Nxc5 21. Bxc5 Bf8
22. Be3 Nf7 23. Rc1 Bh6 24. Bxh6 Rxh6 25. Nf2 Rd4 26. Qa6 Nd8 27. Nd3 Qd6 28.
Nc5 Rd2 29. O-O Rxb2 30. Rfd1 Rd2 31. Nd3 Qd4+ 32. Kf1 Qe3 33. Rxd2 Qxd2 34.
Qc4 Rh8 35. Nf2 Qe3 36. Rd1 Qb6 37. Nd3 Rf8 38. Nc5 Rf7 39. Rd6 Qa7 40. Ne6 Re7
41. Nxd8 1-0

[Event "2BLN 1920 FC St. Pauli - SF Berlin II"]
[Site "?"]
[Date "2019.12.08"]
[Round "6.8"]
[White "Stenner, Patrick"]
[Black "Chatzidakis, Mihail"]
[Result "0-1"]
[WhiteElo "2255"]
[BlackElo "2350"]
[PlyCount "74"]
[EventDate "2019.??.??"]

1. e4 c5 2. Nc3 Nc6 3. Bb5 Nd4 4. Nf3 e6 5. O-O a6 6. Bd3 Nc6 7. Re1 g5 8. Kh1
Bg7 9. Be2 h6 10. d3 Nge7 11. Bf1 Ng6 12. Ne2 O-O 13. c3 d5 14. Ng3 f5 15. exf5
exf5 16. d4 c4 17. b3 b5 18. a4 Rb8 19. Ba3 Rf7 20. axb5 axb5 21. Bc5 f4 22.
Nh5 Bh8 23. Nd2 Bd7 24. Be2 Bf5 25. Bg4 Qd7 26. h3 b4 27. cxb4 c3 28. Bxf5 Qxf5
29. Nf3 Nxb4 30. Bxb4 Rxb4 31. Ra8+ Kh7 32. Qe2 Rbb7 33. b4 Rbe7 34. Ne5 Bxe5
35. dxe5 Rxe5 36. Qf1 g4 37. Rxe5 Nxe5 0-1

[Event "2BLN 1920 SG Turm Kiel II - SV Werder B"]
[Site "?"]
[Date "2019.12.08"]
[Round "6.1"]
[White "Grigorian, Spartak"]
[Black "Olsen, Filip Boe"]
[Result "0-1"]
[WhiteElo "2409"]
[BlackElo "2341"]
[PlyCount "98"]
[EventDate "2019.??.??"]

1. d4 Nf6 2. Nf3 e6 3. g3 d5 4. Bg2 c5 5. O-O Nc6 6. b3 cxd4 7. Nxd4 Bc5 8. Bb2
O-O 9. c4 Qb6 10. Nxc6 bxc6 11. Nc3 Be7 12. cxd5 cxd5 13. e4 Ba6 14. Na4 Qd8
15. e5 Ne4 16. Re1 Bb4 17. Bxe4 Bxe1 18. Bxh7+ Kxh7 19. Qh5+ Kg8 20. Rxe1 Rc8
21. b4 Rc2 22. Bc1 Be2 23. Rxe2 Rxc1+ 24. Kg2 Qb8 25. Nc5 Rc8 26. Nd3 Rb1 27.
Re3 Rc3 28. g4 g6 29. Qh4 Rxd3 30. Rxd3 Qxe5 31. Re3 Qa1 32. Qd8+ Kg7 33. Rf3
Rg1+ 34. Kh3 Qd4 35. Qg5 f6 36. Qf4 Qxf4 37. Rxf4 Ra1 38. Rf3 Rxa2 39. g5 fxg5
40. Re3 Kf6 41. Rf3+ Ke5 42. Kg4 d4 43. Kxg5 Ke4 44. Rf6 e5 45. Kxg6 d3 46. Kg5
d2 47. Rd6 Kf3 48. Kf5 Kxf2 49. Kxe5 Ke2 0-1

[Event "2BLN 1920 SG Turm Kiel II - SV Werder B"]
[Site "?"]
[Date "2019.12.08"]
[Round "6.2"]
[White "Michna, Marta"]
[Black "Reuker, Jari"]
[Result "1/2-1/2"]
[WhiteElo "2370"]
[BlackElo "2383"]
[PlyCount "120"]
[EventDate "2019.??.??"]

1. d4 Nf6 2. c3 d5 3. Bf4 e6 4. e3 Bd6 5. Nf3 O-O 6. Nbd2 b6 7. Bg3 c5 8. Ne5
Qc7 9. f4 Bb7 10. Bd3 cxd4 11. exd4 Ne4 12. O-O f6 13. Bxe4 dxe4 14. Nec4 f5
15. Nxd6 Qxd6 16. Nc4 Qe7 17. Ne3 Nc6 18. Rf2 Rad8 19. Rd2 Rd7 20. Qe2 Rfd8 21.
Rad1 Qf6 22. Qh5 Qf7 23. Qxf7+ Kxf7 24. Bh4 Ne7 25. c4 g6 26. b4 Rc8 27. Bxe7
Kxe7 28. a4 g5 29. g3 gxf4 30. gxf4 Kf6 31. Kf2 Rcd8 32. b5 a6 33. Ke2 Rc8 34.
Rb2 axb5 35. axb5 Rcd8 36. Rbd2 Ra8 37. Rg1 Rad8 38. Rgd1 Ra8 39. Rc2 Ra4 40.
Rb2 Rd8 41. Kf2 Ra3 42. Rdd2 Ra1 43. Rb3 Rg8 44. c5 bxc5 45. dxc5 Rh1 46. c6
Rxh2+ 47. Ke1 Rg1+ 48. Nf1 Rxf1+ 49. Kxf1 Rxd2 50. cxb7 Rd8 51. Rh3 Rb8 52.
Rxh7 e5 53. fxe5+ Kxe5 54. b6 Kd4 55. Rf7 Ke3 56. Rxf5 Rxb7 57. Rb5 Kd3 58. Ke1
Kc4 59. Re5 Kd4 60. Rb5 Kc4 1/2-1/2

[Event "2BLN 1920 SG Turm Kiel II - SV Werder B"]
[Site "?"]
[Date "2019.12.08"]
[Round "6.3"]
[White "Meins, Gerlef"]
[Black "Boe, Mads"]
[Result "1/2-1/2"]
[WhiteElo "2423"]
[BlackElo "2267"]
[PlyCount "80"]
[EventDate "2019.??.??"]

1. Nf3 e6 2. d4 f5 3. Bg5 Be7 4. Bxe7 Qxe7 5. Nbd2 Nf6 6. e3 b6 7. Bd3 Bb7 8.
c3 Nc6 9. Qc2 Nd8 10. e4 fxe4 11. Nxe4 Nf7 12. O-O Nd6 13. Nfd2 Nfxe4 14. Nxe4
Nxe4 15. Bxe4 Bxe4 16. Qxe4 O-O 17. Rae1 Qd6 18. f4 a5 19. Qe5 Qc6 20. f5 exf5
21. Rxf5 Rxf5 22. Qxf5 Rf8 23. Qe5 Qf6 24. Qxf6 Rxf6 25. Re7 Rf7 26. Re8+ Rf8
27. Rxf8+ Kxf8 28. Kf2 Ke7 29. Kf3 Ke6 30. Ke4 d5+ 31. Kf4 Kf6 32. h4 g6 33. a4
h6 34. b4 c6 35. Kg4 Ke6 36. h5 g5 37. Kf3 Kf5 38. g4+ Ke6 39. Ke3 axb4 40.
cxb4 b5 1/2-1/2

[Event "2BLN 1920 SG Turm Kiel II - SV Werder B"]
[Site "?"]
[Date "2019.12.08"]
[Round "6.4"]
[White "Berg, Klaus"]
[Black "Joachim, Sven"]
[Result "0-1"]
[WhiteElo "2285"]
[BlackElo "2387"]
[PlyCount "64"]
[EventDate "2019.??.??"]

1. c4 e5 2. e3 Nf6 3. Nc3 Bb4 4. Nge2 O-O 5. a3 Be7 6. d4 exd4 7. Nxd4 d5 8.
cxd5 Nxd5 9. Qb3 Nxc3 10. bxc3 c5 11. Nf3 Nc6 12. Be2 Bf5 13. O-O Na5 14. Qa4
a6 15. Qf4 Bd3 16. Ra2 Bxe2 17. Rxe2 b5 18. Rd2 Qc8 19. a4 Bf6 20. axb5 axb5
21. Rc2 Nc4 22. Nd2 Ra4 23. Qf3 Rd8 24. Nb3 Rd3 25. Rd1 Qd8 26. Rf1 Qc7 27. Rd1
Qd6 28. Rf1 Qc7 29. Qf5 Rxc3 30. Rxc3 Bxc3 31. Nxc5 g6 32. Qd5 Nb6 0-1

[Event "2BLN 1920 SG Turm Kiel II - SV Werder B"]
[Site "?"]
[Date "2019.12.08"]
[Round "6.5"]
[White "Richter, Christian"]
[Black "Luckow, Rolf"]
[Result "1-0"]
[WhiteElo "2347"]
[BlackElo "2197"]
[PlyCount "89"]
[EventDate "2019.??.??"]

1. c4 Nf6 2. d4 g6 3. g3 c6 4. Bg2 d5 5. Qa4 dxc4 6. Qxc4 Bg7 7. e4 O-O 8. Ne2
b6 9. Nbc3 Bb7 10. O-O e6 11. Rd1 Qc8 12. Bf4 Nbd7 13. Rac1 Rd8 14. Qb3 Ba6 15.
e5 Bxe2 16. Nxe2 Nd5 17. Qc4 Nb8 18. Bd2 Qd7 19. Nc3 a5 20. Ne4 Rc8 21. Qb3 a4
22. Qa3 Bf8 23. Qf3 Na6 24. h4 Ra7 25. h5 Rac7 26. Qe2 b5 27. a3 Be7 28. Bf1
Rb7 29. Bg5 Bxg5 30. Nxg5 Qe7 31. Qg4 Rb6 32. hxg6 hxg6 33. Rd3 c5 34. Rf3 f5
35. exf6 Nxf6 36. Qh4 c4 37. Ne4 Nd5 38. Nf6+ Nxf6 39. Rxf6 Qh7 40. Qg4 Kh8 41.
Rxe6 Rxe6 42. Qxe6 Ra8 43. Bg2 Ra7 44. Qe8+ Qg8 45. Qxb5 1-0

[Event "2BLN 1920 SG Turm Kiel II - SV Werder B"]
[Site "?"]
[Date "2019.12.08"]
[Round "6.6"]
[White "Zeller, Joerg"]
[Black "Charmeteau, Sven"]
[Result "0-1"]
[WhiteElo "2179"]
[BlackElo "2343"]
[PlyCount "66"]
[EventDate "2019.??.??"]

1. e4 c5 2. Nf3 Nc6 3. Nc3 e5 4. Bc4 Be7 5. d3 Nf6 6. g4 d6 7. g5 Nd7 8. Rg1
Nb6 9. Nd5 Be6 10. c3 Qd7 11. Be3 Bd8 12. Qe2 Ne7 13. Nxe7 Bxe7 14. Bxe6 Qxe6
15. c4 Nd7 16. O-O-O b5 17. Nd2 a5 18. Qg4 a4 19. f4 exf4 20. Qxe6 fxe6 21.
Bxf4 O-O 22. Rdf1 b4 23. h4 a3 24. b3 Rf7 25. Bg3 Raf8 26. Rxf7 Rxf7 27. Kd1
Nf8 28. Ke2 e5 29. Rf1 Ne6 30. Nf3 g6 31. Nh2 Nd4+ 32. Ke3 Rxf1 33. Nxf1 Nxb3
0-1

[Event "2BLN 1920 SG Turm Kiel II - SV Werder B"]
[Site "?"]
[Date "2019.12.08"]
[Round "6.7"]
[White "Buchal, Stephan"]
[Black "Boehm, Thomas"]
[Result "1/2-1/2"]
[WhiteElo "2280"]
[BlackElo "2143"]
[PlyCount "81"]
[EventDate "2019.??.??"]

1. c4 e6 2. g3 f5 3. Bg2 Nf6 4. Nf3 Be7 5. O-O O-O 6. Nc3 d6 7. d3 e5 8. b4 a5
9. b5 Nbd7 10. e3 Qe8 11. Bb2 Qh5 12. Nh4 Nb6 13. Nd5 Nbxd5 14. Bxd5+ Kh8 15.
Qxh5 Nxh5 16. f4 exf4 17. exf4 Rb8 18. Rae1 Bd8 19. Re2 Bd7 20. Nf3 Nf6 21. Be6
Bxe6 22. Rxe6 Nd7 23. Bd4 b6 24. Rfe1 Kg8 25. h4 Kf7 26. Kf2 g6 27. h5 Rg8 28.
hxg6+ Rxg6 29. Re8 Bh4 30. Nxh4 Rxe8 31. Rxe8 Kxe8 32. Nxg6 hxg6 33. Kf3 Kf7
34. g4 Nf8 35. Be3 Ne6 36. d4 Kf6 37. g5+ Ke7 38. d5 Nf8 39. Bd4 Nd7 40. Ke3
Kf7 41. Kd3 1/2-1/2

[Event "2BLN 1920 SG Turm Kiel II - SV Werder B"]
[Site "?"]
[Date "2019.12.08"]
[Round "6.8"]
[White "Budzyn, Matthias"]
[Black "Colbow, Collin"]
[Result "1-0"]
[WhiteElo "2109"]
[BlackElo "2118"]
[PlyCount "73"]
[EventDate "2019.??.??"]

1. e4 c5 2. c3 d5 3. exd5 Qxd5 4. d4 g6 5. Nf3 Bg7 6. dxc5 Qxc5 7. Na3 a6 8.
Nc4 Nd7 9. Be3 Qc7 10. Qd2 b5 11. Bf4 Qc5 12. Be3 Qc6 13. Na5 Qc7 14. Nb3 Ngf6
15. Bf4 e5 16. Bh6 O-O 17. Bxg7 Kxg7 18. Be2 Bb7 19. O-O Rad8 20. Rfd1 Ne4 21.
Qe3 f5 22. Ng5 Nxg5 23. Qxg5 Nf6 24. Qe3 Bd5 25. Qc5 Qf7 26. Qb6 f4 27. Nc5
Rde8 28. f3 g5 29. Nxa6 e4 30. Nc7 Rb8 31. Qd6 Rbd8 32. Qe5 Kh8 33. Nxd5 Rxd5
34. Rxd5 Re8 35. Qd4 Qxd5 36. Qxf6+ Kg8 37. Qd4 1-0

[Event "2BLN 1920 SG AE Magdeburg - SK Zehlendo"]
[Site "?"]
[Date "2019.12.08"]
[Round "6.1"]
[White "Lagunow, Raphael"]
[Black "Roseneck, Jonas"]
[Result "1/2-1/2"]
[WhiteElo "2424"]
[BlackElo "2417"]
[PlyCount "64"]
[EventDate "2019.??.??"]

1. e4 c5 2. Nf3 d6 3. d4 cxd4 4. Nxd4 Nf6 5. Nc3 a6 6. Bg5 e6 7. f4 h6 8. Bh4
Qb6 9. Qd2 Qxb2 10. Rb1 Qa3 11. e5 dxe5 12. fxe5 Nfd7 13. Ne4 Qxa2 14. Rd1 Qd5
15. Qe3 Qxe5 16. Be2 Bc5 17. Bg3 Qd5 18. c4 Bxd4 19. Rxd4 Qa5+ 20. Rd2 O-O 21.
Bd6 f5 22. Ng3 Nf6 23. Bxf8 Kxf8 24. O-O Nc6 25. Bf3 Ne5 26. Qd4 Nxf3+ 27. Rxf3
Bd7 28. Qd6+ Kg8 29. Ra3 Qd8 30. Rad3 Qa5 31. Ra3 Qd8 32. Rad3 Qa5 {(=)}
1/2-1/2

[Event "2BLN 1920 SG AE Magdeburg - SK Zehlendo"]
[Site "?"]
[Date "2019.12.08"]
[Round "6.2"]
[White "Biastoch, Bennet"]
[Black "Malek, Daniel"]
[Result "1/2-1/2"]
[WhiteElo "2242"]
[BlackElo "2350"]
[PlyCount "66"]
[EventDate "2019.??.??"]

1. e4 e5 2. Nf3 Nf6 3. Nxe5 d6 4. Nf3 Nxe4 5. Nc3 Nxc3 6. dxc3 Be7 7. Be3 O-O
8. Qd2 Nd7 9. O-O-O Nf6 10. h3 c5 11. Bf4 Qa5 12. a3 d5 13. c4 Qxd2+ 14. Nxd2
Be6 15. Bd3 Rfd8 16. Rhe1 Kf8 17. Bg3 h6 18. Be2 Bd6 19. Bxd6+ Rxd6 20. cxd5
Bxd5 21. Bf3 Rad8 22. Bxd5 Rxd5 23. Nc4 Ne8 24. b3 Rxd1+ 25. Rxd1 Rxd1+ 26.
Kxd1 Ke7 27. Ke2 Nd6 28. Nxd6 Kxd6 29. c4 f5 30. f4 g6 31. g3 h5 32. h4 a5 33.
a4 b6 {(=)} 1/2-1/2

[Event "2BLN 1920 SG AE Magdeburg - SK Zehlendo"]
[Site "?"]
[Date "2019.12.08"]
[Round "6.3"]
[White "Stachowiak, Kamil"]
[Black "Sieber, Fiona"]
[Result "1-0"]
[WhiteElo "2440"]
[BlackElo "2277"]
[PlyCount "77"]
[EventDate "2019.??.??"]

1. c4 Nf6 2. Nc3 e5 3. g3 Bb4 4. Bg2 O-O 5. Nf3 Nc6 6. O-O e4 7. Ng5 Bxc3 8.
dxc3 Re8 9. Nh3 d6 10. Bg5 Bxh3 11. Bxh3 h6 12. Bf4 Qe7 13. Qa4 Ne5 14. Rad1 a5
15. b3 Ned7 16. Qa3 a4 17. Qb2 Ra5 18. Bg2 Qe6 19. Qc2 axb3 20. axb3 Rea8 21.
Rb1 Nc5 22. Be3 b6 23. Bd4 Ra3 24. h3 Kf8 25. Kh2 h5 26. f3 h4 27. g4 exf3 28.
exf3 Re8 29. Rb2 Kg8 30. f4 Nfe4 31. Re1 f5 32. Bxc5 bxc5 33. gxf5 Qxf5 34.
Rxe4 Rf8 35. Ra2 Rxa2 36. Qxa2 d5 37. cxd5 Qxd5 38. Re5 Qd3 39. Bd5+ 1-0

[Event "2BLN 1920 SG AE Magdeburg - SK Zehlendo"]
[Site "?"]
[Date "2019.12.08"]
[Round "6.4"]
[White "Andre, Gordon"]
[Black "Brodowski, Piotr"]
[Result "0-1"]
[WhiteElo "2383"]
[BlackElo "2445"]
[PlyCount "84"]
[EventDate "2019.??.??"]

1. d4 d6 2. e4 Nf6 3. Nc3 g6 4. Nf3 Bg7 5. Be3 c6 6. h3 O-O 7. Qd2 b5 8. Bd3
Re8 9. O-O Nfd7 10. a4 b4 11. Ne2 a5 12. c3 Na6 13. Rfd1 Nb6 14. Ng3 Qc7 15.
Bh6 Bh8 16. Qg5 Be6 17. e5 dxe5 18. dxe5 Nc5 19. Bc2 bxc3 20. bxc3 Bd5 21. Re1
Ne6 22. Qg4 Nd7 23. Rad1 Bxf3 24. Qxf3 Nxe5 25. Qe2 Rab8 26. f4 Nd7 27. Qf3
Nec5 28. h4 Qb6 29. Rb1 Qa7 30. Qe3 Rxb1 31. Rxb1 Nf6 32. Ne4 Nfxe4 33. Bxe4
Bxc3 34. Bxc6 Rd8 35. Kh1 Bd4 36. Qf3 Qc7 37. h5 Bf6 38. Bb5 Ne6 39. Qe4 Nd4
40. hxg6 hxg6 41. g4 Nxb5 42. axb5 Qc3 0-1

[Event "2BLN 1920 SG AE Magdeburg - SK Zehlendo"]
[Site "?"]
[Date "2019.12.08"]
[Round "6.5"]
[White "Luch, Michal"]
[Black "Paul, Johannes"]
[Result "1/2-1/2"]
[WhiteElo "2402"]
[BlackElo "2374"]
[PlyCount "29"]
[EventDate "2019.??.??"]

1. d4 Nf6 2. c4 g6 3. g3 Bg7 4. Bg2 O-O 5. Nc3 d6 6. Nf3 Nc6 7. O-O a6 8. b3
Rb8 9. Bb2 b5 10. cxb5 axb5 11. Rc1 b4 12. Na4 Na5 13. Qc2 c6 14. e4 Ba6 15.
Rfe1 {(=)} 1/2-1/2

[Event "2BLN 1920 SG AE Magdeburg - SK Zehlendo"]
[Site "?"]
[Date "2019.12.08"]
[Round "6.6"]
[White "Melamed, Tatjana"]
[Black "Meister, Jakob"]
[Result "0-1"]
[WhiteElo "2379"]
[BlackElo "2426"]
[PlyCount "190"]
[EventDate "2019.??.??"]

1. e4 c5 2. Nf3 e6 3. c3 d5 4. exd5 Qxd5 5. d4 Nf6 6. Be2 Nc6 7. O-O cxd4 8.
cxd4 Be7 9. Nc3 Qd6 10. Be3 O-O 11. a3 a6 12. Qd2 b5 13. Rad1 b4 14. axb4 Nxb4
15. Bf4 Qd8 16. Ne5 Bb7 17. Bc4 Nfd5 18. Bg3 Nb6 19. Bb3 a5 20. Ra1 N4d5 21.
Na4 Bb4 22. Qd1 Rc8 23. Qd3 Nxa4 24. Bxa4 Nf6 25. Bh4 Qd5 26. f3 Ba6 27. Qe3
Bxf1 28. Bxf6 gxf6 29. Nd7 Kg7 30. Rxf1 Rcd8 31. Nxf8 Bxf8 32. Rd1 Qc4 33. b3
Qd5 34. Qe4 Bc5 35. Qxd5 Rxd5 36. Kf1 Bxd4 37. Rc1 Be5 38. g3 Rd2 39. f4 Bd4
40. Rc7 Rf2+ 41. Ke1 Rxh2 42. Be8 Bf2+ 43. Kd1 Kf8 44. Bxf7 e5 45. Bc4 Bxg3 46.
f5 Ke8 47. Bb5+ Kd8 48. Rd7+ Kc8 49. Rf7 Rb2 50. Bc4 Bh4 51. Rxh7 Bg5 52. Ra7
Ra2 53. Ba6+ Kd8 54. Bb5 e4 55. Rd7+ Kc8 56. Rd4 e3 57. Rc4+ Kb7 58. Rc2 Ra1+
59. Ke2 Kb6 60. Bd3 Ra3 61. Rc8 Ra2+ 62. Rc2 Ra1 63. Kf3 Rd1 64. Ke2 Rg1 65.
Kf3 Rh1 66. Ke2 Rh4 67. Kf3 Rb4 68. Bc4 Kc5 69. Be6+ Kd6 70. Rc4 Rb7 71. Rc8
Rb5 72. Rd8+ Kc7 73. Rc8+ Kb7 74. Rc3 Kb6 75. Rc8 Rb4 76. Ke2 Kb7 77. Rc2 Kb6
78. Kf3 Kb5 79. Bc4+ Kc5 80. Be6+ Kd4 81. Ke2 Ke4 82. Rc3 Kd4 83. Rd3+ Ke5 84.
Rc3 Kd4 85. Rd3+ Ke4 86. Rc3 Kd4 87. Rd3+ Kc5 88. Rc3+ Kb6 89. Bc4 Bf4 90. Kf3
Be5 91. Rxe3 a4 92. Rxe5 fxe5 93. f6 axb3 94. Bxb3 Rxb3+ 95. Ke4 Kc7 0-1